000 00354nam a2200133Ia 4500
005 20260326235441.0
008 260326s9999||||xx |||||||||||||| ||und||
100 _aBullrich, Francisco
245 0 _aNuevos Caminos de la Arquitectura Latinoamericana /
_cFrancisco Bullrich
260 _bBlume
300 _a128 p.
650 _aLATINOAMÉRICA
942 _cBK
999 _c7399
_d7399